[Event "GRE-ch South U16"]
[Site "Athens"]
[Date "2020.08.31"]
[Round "5"]
[White "Tzagarakis, Panagiotis"]
[Black "Sakkas, Konstantinos"]
[Result "1-0"]
[WhiteElo "1952"]
[BlackElo "1764"]
[PlyCount "71"]
[EventDate "2020.08.28"]
[EventType "swiss"]
[EventRounds "9"]
[EventCountry "GRE"]
[SourceTitle "EXT 2023"]
[Source "ChessBase"]
[SourceDate "2022.10.05"]
[SourceVersion "1"]
[SourceVersionDate "2022.10.05"]
[SourceQuality "1"]

1. e4 c5 2. Nf3 e6 3. d4 cxd4 4. Nxd4 Nc6 5. Nc3 Qc7 6. Be3 a6 7. Nxc6 Qxc6 8. Bd3 Nf6 9. 0-0 d6 10. f4 Be7 11. Qf3 0-0 12. Rae1 e5 13. f5 b5 14. Nd5 Bd8 15. Bg5 Qc5+ 16. Be3 Qc6 17. Kh1 Qd7 18. h4 Nxd5 19. exd5 f6 20. g4 h6 21. Re2 Bb7 22. Be4 Rc8 23. g5 fxg5 24. hxg5 Bxg5 25. Bxg5 hxg5 26. Rh2 Rf6 27. Qh5 Rh6 28. Qxg5 Rxh2+ 29. Kxh2 Rc4 30. f6 Rxe4 31. f7+ Kf8 32. Qxg7+ Kxg7 33. f8Q+ Kg6 34. Rf6+ Kg5 35. Qh6+ Kg4 36. Qh3+ 1-0

[Event "GRE-ch South U16"]
[Site "Athens"]
[Date "2020.08.29"]
[Round "3"]
[White "Christodoulou, Panormitis"]
[Black "Sakkas, Konstantinos"]
[Result "0-1"]
[WhiteElo "1698"]
[BlackElo "1764"]
[PlyCount "146"]
[EventDate "2020.08.28"]
[EventType "swiss"]
[EventRounds "9"]
[EventCountry "GRE"]
[SourceTitle "EXT 2023"]
[Source "ChessBase"]
[SourceDate "2022.10.05"]
[SourceVersion "1"]
[SourceVersionDate "2022.10.05"]
[SourceQuality "1"]

1. e4 c5 2. Nf3 Nc6 3. Bb5 e6 4. c3 Nge7 5. d4 cxd4 6. cxd4 d5 7. e5 Ng6 8. a3 Be7 9. Nc3 0-0 10. h4 h6 11. h5 Nh4 12. Nxh4 Bxh4 13. Qg4 Bg5 14. Bxg5 Qxg5 15. Qxg5 hxg5 16. 0-0-0 f6 17. exf6 Rxf6 18. f3 a6 19. Bxc6 bxc6 20. Na4 Kf7 21. Nc5 a5 22. Kb1 a4 23. Rc1 Rf4 24. Rhd1 Ke7 25. Rc3 Kd6 26. Re3 g4 27. fxg4 Rxg4 28. g3 Bd7 29. Kc2 Rh8 30. Nxa4 Rxh5 31. Nb6 Rh3 32. Nxd7 Kxd7 33. Rdd3 Rh2+ 34. Kc3 Rh1 35. Kd2 Kd6 36. Kc2 Rh2+ 37. Kc3 Re4 38. Kb3 e5 39. dxe5+ Kxe5 40. Rf3 c5 41. Rd1 c4+ 42. Kb4 Kd6 43. Rb1 Re8 44. b3 Rc2 45. a4 Ra2 46. Kc3 Rb8 47. Rf7 Ra3 48. Rxg7 Raxb3+ 49. Rxb3 Rxb3+ 50. Kc2 Ra3 51. g4 Rxa4 52. g5 Ra3 53. Rg8 Kc5 54. g6 Kd4 55. g7 Ra2+ 56. Kc1 Rg2 57. Kb1 c3 58. Ka1 Kd3 59. Rd8 Rxg7 60. Rxd5+ Kc2 61. Ra5 Rd7 62. Ka2 Rb7 63. Ra8 Rb6 64. Ra7 Rd6 65. Ra8 Kd2 66. Rh8 c2 67. Rh2+ Kc3 68. Rh3+ Rd3 69. Rh1 Rd1 70. Rh3+ Kd4 71. Rh4+ Ke5 72. Rc4 c1Q 73. Rc3 Qd2+ 0-1

[Event "GRE-ch Schools Gymnasia-B 30th"]
[Site "Peristeri"]
[Date "2018.04.02"]
[Round "9"]
[White "Goutis, Panagiotis"]
[Black "Sakkas, Konstantinos"]
[Result "1/2-1/2"]
[WhiteElo "1583"]
[BlackElo "1626"]
[PlyCount "99"]
[EventDate "2018.04.01"]
[EventType "swiss (rapid)"]
[EventRounds "9"]
[EventCountry "GRE"]
[SourceTitle "EXT 2019"]
[Source "ChessBase"]
[SourceDate "2018.10.10"]
[SourceVersion "1"]
[SourceVersionDate "2018.10.10"]
[SourceQuality "1"]

1. d4 d5 2. c4 e6 3. Nc3 Nf6 4. cxd5 exd5 5. Bg5 Be7 6. e3 0-0 7. Bd3 h6 8. Bh4 c6 9. Qc2 Be6 10. Nge2 Nbd7 11. 0-0 Rc8 12. f3 c5 13. Bf2 cxd4 14. exd4 Bb4 15. Qb3 Bxc3 16. Nxc3 Qb6 17. Qa3 a6 18. Rac1 Rc6 19. Na4 Qc7 20. Be3 b5 21. Rxc6 Qxc6 22. Rc1 Qb7 23. Nc5 Nxc5 24. Rxc5 Nd7 25. Rc1 Nb6 26. b3 Rc8 27. Rxc8+ Nxc8 28. Qc5 Ne7 29. Kf2 Nf5 30. Bxf5 Bxf5 31. Bf4 Be6 32. b4 Qc8 33. Qxc8+ Bxc8 34. a3 f6 35. Bd6 Kf7 36. Ke3 g6 37. f4 g5 38. g3 Kg6 39. Kf3 Bf5 40. fxg5 fxg5 41. h4 Be4+ 42. Ke3 gxh4 43. gxh4 Kh5 44. Bf4 Kg6 45. Bd6 Kf5 46. Bf4 h5 47. Bg5 Kg4 48. Bf6 Kg3 49. Bg5 Kg4 50. Bf6 1/2-1/2

[Event "GRE-ch Schools Gymnasia-B 30th"]
[Site "Peristeri"]
[Date "2018.04.02"]
[Round "7"]
[White "Minas, Panagiotis"]
[Black "Sakkas, Konstantinos"]
[Result "1/2-1/2"]
[WhiteElo "1361"]
[BlackElo "1626"]
[PlyCount "89"]
[EventDate "2018.04.01"]
[EventType "swiss (rapid)"]
[EventRounds "9"]
[EventCountry "GRE"]
[SourceTitle "EXT 2019"]
[Source "ChessBase"]
[SourceDate "2018.10.10"]
[SourceVersion "1"]
[SourceVersionDate "2018.10.10"]
[SourceQuality "1"]

1. e4 e6 2. d4 d5 3. exd5 exd5 4. Nf3 Nc6 5. c4 Nf6 6. Nc3 Bb4 7. Be2 0-0 8. 0-0 Bg4 9. a3 Be7 10. Be3 dxc4 11. Bxc4 Bxf3 12. Qxf3 Nxd4 13. Qxb7 Nf5 14. Rad1 Qc8 15. Qxc8 Rfxc8 16. Rfe1 Ng4 17. Nd5 Bd6 18. h3 Nfxe3 19. Nxe3 Nxe3 20. Rxe3 Re8 21. Rde1 Kf8 22. Rxe8+ Rxe8 23. Rxe8+ Kxe8 24. Kf1 Ke7 25. Ke2 f5 26. f3 f4 27. Kd3 Kf6 28. Ke2 Kg5 29. Kf2 Bc5+ 30. Kf1 h6 31. a4 Kf6 32. Ke2 Ke5 33. Kd3 Bd6 34. b3 Bc5 35. Bg8 Kf5 36. Ke2 Kg5 37. Bd5 Kh4 38. Kf1 g5 39. Bf7 h5 40. Be6 Kg3 41. Bf5 Bd6 42. Bd7 Bb4 43. Be6 a5 44. Bd7 c5 45. Be6 1/2-1/2

[Event "EU-ch U14 27th"]
[Site "Mamaia"]
[Date "2017.09.12"]
[Round "7"]
[White "Hechl, Fabian"]
[Black "Sakkas, Konstantinos"]
[Result "1-0"]
[WhiteElo "1912"]
[BlackElo "1467"]
[PlyCount "43"]
[EventDate "2017.09.05"]
[EventType "swiss"]
[EventRounds "9"]
[EventCountry "ROU"]
[SourceTitle "EXT 2018"]
[Source "ChessBase"]
[SourceDate "2017.10.13"]
[SourceVersion "1"]
[SourceVersionDate "2017.10.13"]
[SourceQuality "1"]

1. e4 c5 2. Nf3 Nc6 3. d4 cxd4 4. Nxd4 g6 5. c4 Bg7 6. Be3 Nf6 7. Nc3 0-0 8. Be2 d6 9. Qd2 Bd7 10. f3 Nxd4 11. Bxd4 Bc6 12. h4 Nh5 13. Bxg7 Kxg7 14. g4 Ng3 15. Rh3 Nxe2 16. Kxe2 h6 17. f4 e6 18. f5 g5 19. Rah1 Rh8 20. hxg5 Qxg5 21. Qxg5+ hxg5 22. f6+ 1-0